000 00288nam a22001337a 4500
008 170609b xxu||||| |||| 00| 0 eng d
020 _akernlog0211
041 _aeng
080 _a32
100 _a19
101 _aSHP
245 _aTHE LOGIC OF POLITICS
_cKERNELL, S
942 _2udc
_cBK
999 _c16716
_d16716